000 00523nam a22001577a 4500
999 _c4943
_d4943
008 200914b ||||| |||| 00| 0 eng d
082 0 0 _a621.81
_bW783
100 _93962
_aWinston, Stanton E.
245 1 0 _aMachine design : A Text presenting those fundamentals of theory and analysis which are basic to the field of machine design
_cby Stanton E. Winston
250 _a1st ed.7rep
260 _aChicago
_bAmerican technical society
_c1959
300 _a333 p.
365 _d19.75
650 0 _aMachine Design
942 _cBK